banner koha

Seed pathology, problems and progress [Semente; Doenca de planta; Tratamento fitossanitario] (Registro n. 27556)

MARC details
000 -LÍDER
campo de controle de tamanho fixo 01007nam a22003137a 4500
001 - NÚMERO DE CONTROLE
campo de controle BR7904304
003 - IDENTIFICADOR DO NÚMERO DE CONTROLE
campo de controle BR-BrBNA
005 - DATA E HORÁRIO DA ÚLTIMA TRANSAÇÃO
campo de controle 20230928090035.0
007 - CAMPO FIXO DE DESCRIÇÃO FÍSICA--INFORMAÇÃO GERAL
campo de controle de tamanho fixo ta
008 - CAMPO DE DADOS FIXOS--INFORMAÇÃO GERAL
campo de controle de tamanho fixo 230509b bl.||||| |||| 00| 0 por d
040 ## - FONTE DA CATALOGAÇÃO
Instituição da catalogação original BR-BrBNA
Idioma da catalogação por
Instituição que transcreveu o registro Biblioteca Nacional de Agricultura
041 ## - CÓDIGO DE IDIOMA
Código do idioma do texto/trilha sonora ou título diferente (Eng)
072 ## - CÓDIGO DE CATEGORIA DE ASSUNTO
Código de Categoria de Assunto H20
Código do objeto 4100
-- 3575
-- 3870
-- 4100
090 ## - NÚMERO DE CHAMADA LOCAL
-- 4100 BR7904304
100 1# - ENTRADA PRINCIPAL--NOME PESSOAL
Nome pessoal Yorinori, J.T.
100 1# - ENTRADA PRINCIPAL--NOME PESSOAL
Nome pessoal Sinclair, J.B.
100 1# - ENTRADA PRINCIPAL--NOME PESSOAL
Nome pessoal Mehta, Y.R.
100 1# - ENTRADA PRINCIPAL--NOME PESSOAL
Nome pessoal Mohan, S.K. (eds.)
110 1# - ENTRADA PRINCIPAL--NOME CORPORATIVO
Nome corporativo ou nome da jurisdição Fundacao Instituto Agronomico do Parana, Londrina (Brasil)
111 1# - ENTRADA PRINCIPAL--NOME DO EVENTO
Nome do evento ou lugar 1. Latin American Workshop on Seed Pathology
Local do evento Londrina, PR (Brazil)
Data do evento ou assinatura do tratado 10 Apr 1977
245 1# - TÍTULO
Título Seed pathology, problems and progress [Semente; Doenca de planta; Tratamento fitossanitario]
Restante do título Proceedings
260 3# - PUBLICAÇÃO, DISTRIBUIÇÃO, ETC.
Local de publicação, distribuição, etc. Londrina, PR (Brasil):
Data da publicação, distribuição, etc. 1979.
300 ## - DESCRIÇÃO FÍSICA
Extensão 274 p.
650 ## - ASSUNTO--TERMO TÓPICO
Cabeçalho tópico ou nome geográfico Doenca de planta
650 ## - ASSUNTO--TERMO TÓPICO
Cabeçalho tópico ou nome geográfico Semente
650 ## - ASSUNTO--TERMO TÓPICO
Cabeçalho tópico ou nome geográfico Tratamento fitossanitario
909 ## -
-- 202309
-- Lucia
-- 55
-- Lucia Elande
942 ## - ELEMENTOS DE ENTRADA ADICIONADOS (KOHA)
Tipo de material Koha Livros
Exemplares
Situação do descarte Fonte da classificação ou esquema de arquivamento na estante Situação física Não pode ser emprestado Coleção Biblioteca de origem Biblioteca atual Total de empréstimos Número de telefone completo Código de barras Data de último acesso Número do exemplar Tipo de material Koha Situação das perdas Data de aquisição Fonte de aquisição
  Classificação AGRIS       Biblioteca Nacional de Agricultura - Binagri Biblioteca Nacional de Agricultura - Binagri   4100 BR7904304 4100 BR7904304 25/09/2023 01 Livros   2023-09-25 Portaria Interministerial nº 164/94

BINAGRI

Telefone: (61)3218-2567/2388/3357/2097 - binagri@agro.gov.br

Ministério da Agricultura e Pecuária , Esplanada dos Ministérios, Bloco D, Anexo B, Brasília/DF, CEP: 70.043-900